Sea otter pup / (Record no. 9837)

MARC details
000 -LEADER
fixed length control field 01195nam a22002777a 4500
001 - CONTROL NUMBER
control field 9837
003 - CONTROL NUMBER IDENTIFIER
control field FISKH
005 - DATE AND TIME OF LATEST TRANSACTION
control field 20260304100758.0
008 - FIXED-LENGTH DATA ELEMENTS--GENERAL INFORMATION
fixed length control field 260304b cb ||||| |||| 00| 0 eng d
020 ## - INTERNATIONAL STANDARD BOOK NUMBER
International Standard Book Number 1551430029
040 ## - CATALOGING SOURCE
Original cataloging agency FISKH
Language of cataloging eng
Transcribing agency FISKH
Modifying agency FISKH
050 ## - LIBRARY OF CONGRESS CALL NUMBER
Classification number PZ10 .M5785
082 ## - DEWEY DECIMAL CLASSIFICATION NUMBER
Classification number 769
100 ## - MAIN ENTRY--PERSONAL NAME
Personal name Miles , Victoria
245 ## - TITLE STATEMENT
Title Sea otter pup /
Statement of responsibility, etc. written by Victoria Miles : illustrated by Elizabeth Gatt
260 ## - PUBLICATION, DISTRIBUTION, ETC.
Place of publication, distribution, etc. Victoria :
Name of publisher, distributor, etc. Orca Book Publishers ,
Date of publication, distribution, etc. 1993.
300 ## - PHYSICAL DESCRIPTION
Extent 24 unnumbered pages :
Other physical details color illustrations ;
Dimensions 18 bm .
505 ## - FORMATTED CONTENTS NOTE
Formatted contents note K <br/>
520 ## - SUMMARY, ETC.
Summary, etc. Follow along as Pup learns how to eat spiky sea urchins, somersault beneath the waves and groom himself. He still needs lots of help from Mother, but one day Pup will be old enough to dive down below the waves and search for food on his own Accompanied by beautiful illustrations and set in the North Pacific, this heartwarming tale is perfect for little ones who still have lots to learn themselves.
521 8# - TARGET AUDIENCE NOTE
Target audience note 510 <br/>
Source Lexiel <br/>
521 8# - TARGET AUDIENCE NOTE
Target audience note K <br/>
Source Raz-Plus <br/>
650 ## - SUBJECT ADDED ENTRY--TOPICAL TERM
Topical term or geographic name entry element Sea otter
Form subdivision Juvenile Literature
700 ## - ADDED ENTRY--PERSONAL NAME
Personal name Gatt , Elizabeth
Relator term Illustrator
942 ## - ADDED ENTRY ELEMENTS (KOHA)
Source of classification or shelving scheme Dewey Decimal Classification
Koha item type Books
Suppress in OPAC No
Holdings
Withdrawn status Lost status Source of classification or shelving scheme Damaged status Not for loan Collection Home library Current library Shelving location Date acquired Total Checkouts Full call number Barcode Date last seen Date last checked out Price effective from Koha item type
    Dewey Decimal Classification     Juvenile Fiction Footprints International School Library Network Toul Tom Poung Campus Footprints International School Library Network Toul Tom Poung Campus TTP Primary Yellow Bookshelves 03/04/2026 1 MIL 769 PZ10 .M5785 FIS01801 04/10/2026 04/03/2026 03/04/2026 Books